[Event "LSS SD-2009-0-00037"]
[Site "LSS email"]
[Date "2009.09.26"]
[Round "?"]
[White "Visser, Bob"]
[Black "Suhodolov, Dmitry"]
[Result "1-0"]
[WhiteElo "1419"]
[BlackElo "1374"]
[PlyCount "23"]
[EventDate "2009.07.08"]
[EventType "tourn (corr)"]
[EventRounds "6"]
[EventCountry "GER"]
[SourceTitle "Corr 2013"]
[Source "ChessBase"]
[SourceDate "2012.11.12"]
[SourceVersion "1"]
[SourceVersionDate "2012.11.12"]
[SourceQuality "1"]
[WhiteTeam "US of America"]
[BlackTeam "US of America"]
[WhiteTeamCountry "USA"]
[BlackTeamCountry "USA"]

1. d4 d5 2. c4 dxc4 3. e4 e5 4. Nf3 exd4 5. Bxc4 Nc6 6. 0-0 Be6 7. Bxe6 fxe6 8. Qb3 Qd7 9. Qxb7 Rb8 10. Qa6 Nf6 11. Nbd2 Bd6 12. Re1 1-0

[Event "FICGS class A 000057 email"]
[Site "FICGS email"]
[Date "2009.09.03"]
[Round "1"]
[White "Clement, George"]
[Black "Suhodolov, Dmitry"]
[Result "1-0"]
[WhiteElo "2006"]
[BlackElo "2037"]
[PlyCount "25"]
[EventDate "2009.??.??"]
[EventType "tourn (corr)"]
[EventRounds "6"]
[SourceTitle "Corr 2022"]
[Source "ChessBase"]
[SourceDate "2021.10.24"]
[SourceVersion "1"]
[SourceVersionDate "2021.10.24"]
[SourceQuality "1"]

1. e4 c5 2. Nf3 Nc6 3. Bb5 g6 4. 0-0 Bg7 5. d3 Nf6 6. Bxc6 bxc6 7. e5 Nd5 8. Nbd2 0-0 9. Nc4 d6 10. Re1 h6 11. Bd2 Be6 12. Qc1 Kh7 13. b3 1-0

[Event "FICGS class A 000057 email"]
[Site "FICGS email"]
[Date "2009.09.03"]
[Round "1"]
[White "Suhodolov, Dmitry"]
[Black "Schmid, Pablo"]
[Result "0-1"]
[WhiteElo "2037"]
[BlackElo "1978"]
[PlyCount "54"]
[EventDate "2009.??.??"]
[EventType "tourn (corr)"]
[EventRounds "6"]
[SourceTitle "Corr 2022"]
[Source "ChessBase"]
[SourceDate "2021.10.24"]
[SourceVersion "1"]
[SourceVersionDate "2021.10.24"]
[SourceQuality "1"]

1. d4 Nf6 2. c4 g6 3. Nc3 d5 4. cxd5 Nxd5 5. e4 Nxc3 6. bxc3 c5 7. Bc4 Bg7 8. Ne2 0-0 9. 0-0 Nc6 10. Be3 Bg4 11. f3 Na5 12. Bd3 cxd4 13. cxd4 Be6 14. Rc1 Bxa2 15. Qa4 Bb3 16. Qb4 b6 17. Rc3 Be6 18. Rfc1 Rc8 19. Nf4 Qd6 20. Qxd6 exd6 21. Nxe6 Rxc3 22. Rxc3 fxe6 23. Bb5 d5 24. Rc7 Nc4 25. Bf2 Rf7 26. Rc6 Re7 27. Kf1 Kf7 0-1

[Event "LSS SD-2009-0-00035"]
[Site "LSS email"]
[Date "2009.08.18"]
[Round "?"]
[White "Suhodolov, Dmitry"]
[Black "Moskalenko, Eduard"]
[Result "0-1"]
[WhiteElo "1374"]
[BlackElo "1937"]
[PlyCount "24"]
[EventDate "2009.06.05"]
[EventType "tourn (corr)"]
[EventRounds "6"]
[EventCountry "GER"]
[SourceTitle "Corr 2013"]
[Source "ChessBase"]
[SourceDate "2012.11.12"]
[SourceVersion "1"]
[SourceVersionDate "2012.11.12"]
[SourceQuality "1"]
[WhiteTeam "US of America"]
[BlackTeam "US of America"]
[WhiteTeamCountry "USA"]
[BlackTeamCountry "USA"]

1. e4 c5 2. Nf3 d6 3. d4 cxd4 4. Nxd4 Nf6 5. Nc3 a6 6. Be3 e6 7. Be2 Qc7 8. Qd2 b5 9. a3 Bb7 10. f3 Nbd7 11. 0-0-0 d5 12. exd5 Nxd5 0-1

[Event "LSS SD-2009-0-00035"]
[Site "LSS email"]
[Date "2009.08.06"]
[Round "?"]
[White "Nemeth, Laszlo"]
[Black "Suhodolov, Dmitry"]
[Result "1-0"]
[WhiteElo "1291"]
[BlackElo "1374"]
[PlyCount "27"]
[EventDate "2009.06.05"]
[EventType "tourn (corr)"]
[EventRounds "6"]
[EventCountry "GER"]
[SourceTitle "Corr 2013"]
[Source "ChessBase"]
[SourceDate "2012.11.12"]
[SourceVersion "1"]
[SourceVersionDate "2012.11.12"]
[SourceQuality "1"]
[WhiteTeam "US of America"]
[BlackTeam "US of America"]
[WhiteTeamCountry "USA"]
[BlackTeamCountry "USA"]

1. d4 Nf6 2. c4 g6 3. Nc3 d5 4. cxd5 Nxd5 5. e4 Nxc3 6. bxc3 Bg7 7. Nf3 c5 8. Bc4 0-0 9. Be3 Nc6 10. 0-0 Bg4 11. Rb1 cxd4 12. cxd4 Bxd4 13. Rxb7 Bxe3 14. fxe3 1-0

[Event "FICGS theme 0000 email"]
[Site "FICGS email"]
[Date "2009.07.31"]
[Round "1"]
[White "Hase, Pavel"]
[Black "Suhodolov, Dmitry"]
[Result "1-0"]
[WhiteElo "2179"]
[BlackElo "1993"]
[PlyCount "29"]
[EventDate "2009.??.??"]
[EventType "swiss (corr)"]
[EventRounds "1"]
[SourceTitle "Corr 2022"]
[Source "ChessBase"]
[SourceDate "2021.10.24"]
[SourceVersion "1"]
[SourceVersionDate "2021.10.24"]
[SourceQuality "1"]

1. d4 d5 2. c4 c6 3. Nc3 Nf6 4. Nf3 e6 5. Bg5 h6 6. Bh4 dxc4 7. e4 g5 8. Bg3 b5 9. Be2 Bb7 10. h4 g4 11. Ne5 h5 12. 0-0 Nbd7 13. Qc2 Nxe5 14. Bxe5 Bg7 15. Rad1 1-0

[Event "FICGS theme 0000 email"]
[Site "FICGS email"]
[Date "2009.07.31"]
[Round "1"]
[White "Hrubaru, Mircea"]
[Black "Suhodolov, Dmitry"]
[Result "1-0"]
[WhiteElo "1591"]
[BlackElo "1993"]
[PlyCount "33"]
[EventDate "2009.??.??"]
[EventType "swiss (corr)"]
[EventRounds "1"]
[SourceTitle "Corr 2022"]
[Source "ChessBase"]
[SourceDate "2021.10.24"]
[SourceVersion "1"]
[SourceVersionDate "2021.10.24"]
[SourceQuality "1"]

1. d4 d5 2. c4 c6 3. Nc3 Nf6 4. Nf3 e6 5. Bg5 h6 6. Bh4 dxc4 7. e4 g5 8. Bg3 b5 9. Be2 Bb7 10. h4 g4 11. Ne5 Rg8 12. Nxg4 Nxg4 13. Bxg4 Nd7 14. 0-0 Qb6 15. Bh5 Nf6 16. Be5 Nxh5 17. Qxh5 1-0

[Event "FICGS theme 0000 email"]
[Site "FICGS email"]
[Date "2009.07.31"]
[Round "1"]
[White "Parmet, Daniel Edward"]
[Black "Suhodolov, Dmitry"]
[Result "1-0"]
[WhiteElo "1959"]
[BlackElo "1993"]
[PlyCount "33"]
[EventDate "2009.??.??"]
[EventType "swiss (corr)"]
[EventRounds "1"]
[SourceTitle "Corr 2022"]
[Source "ChessBase"]
[SourceDate "2021.10.24"]
[SourceVersion "1"]
[SourceVersionDate "2021.10.24"]
[SourceQuality "1"]

1. d4 d5 2. c4 c6 3. Nc3 Nf6 4. Nf3 e6 5. Bg5 h6 6. Bh4 dxc4 7. e4 g5 8. Bg3 b5 9. Be2 Bb7 10. h4 g4 11. Ne5 h5 12. 0-0 Nbd7 13. Qd2 Bh6 14. Bf4 Bxf4 15. Qxf4 Qc7 16. Rfd1 a6 17. Qg3 1-0

[Event "FICGS theme 0000 email"]
[Site "FICGS email"]
[Date "2009.07.31"]
[Round "1"]
[White "Suhodolov, Dmitry"]
[Black "Langaro, Caetano"]
[Result "0-1"]
[WhiteElo "1993"]
[BlackElo "1911"]
[PlyCount "20"]
[EventDate "2009.??.??"]
[EventType "swiss (corr)"]
[EventRounds "1"]
[SourceTitle "Corr 2022"]
[Source "ChessBase"]
[SourceDate "2021.10.24"]
[SourceVersion "1"]
[SourceVersionDate "2021.10.24"]
[SourceQuality "1"]

1. d4 d5 2. c4 c6 3. Nc3 Nf6 4. Nf3 e6 5. Bg5 h6 6. Bh4 dxc4 7. e4 g5 8. Bg3 b5 9. Be2 Bb7 10. 0-0 Nbd7 0-1

[Event "FICGS class A 000053 email"]
[Site "FICGS email"]
[Date "2009.07.13"]
[Round "1"]
[White "Suhodolov, Dmitry"]
[Black "Staggat, Rolf"]
[Result "0-1"]
[WhiteElo "1993"]
[BlackElo "1987"]
[PlyCount "22"]
[EventDate "2009.??.??"]
[EventType "tourn (corr)"]
[EventRounds "6"]
[SourceTitle "Corr 2022"]
[Source "ChessBase"]
[SourceDate "2021.10.24"]
[SourceVersion "1"]
[SourceVersionDate "2021.10.24"]
[SourceQuality "1"]

1. d4 d5 2. c4 c6 3. Nf3 Nf6 4. Nc3 a6 5. c5 Nbd7 6. Bf4 Nh5 7. e3 g6 8. Bd3 Bg7 9. 0-0 Nxf4 10. exf4 0-0 11. Re1 Re8 0-1

[Event "FICGS class A 000052 email"]
[Site "FICGS email"]
[Date "2009.06.24"]
[Round "1"]
[White "Helmer, Janos"]
[Black "Suhodolov, Dmitry"]
[Result "1-0"]
[WhiteElo "2146"]
[BlackElo "2021"]
[PlyCount "45"]
[EventDate "2009.??.??"]
[EventType "tourn (corr)"]
[EventRounds "6"]
[SourceTitle "Corr 2022"]
[Source "ChessBase"]
[SourceDate "2021.10.24"]
[SourceVersion "1"]
[SourceVersionDate "2021.10.24"]
[SourceQuality "1"]

1. d4 Nf6 2. c4 g6 3. Nc3 d5 4. cxd5 Nxd5 5. e4 Nxc3 6. bxc3 Bg7 7. Nf3 c5 8. Rb1 0-0 9. Be2 b6 10. 0-0 Bb7 11. Qd3 Ba6 12. Qe3 Qd7 13. dxc5 Bxe2 14. Qxe2 bxc5 15. Qc4 Qc6 16. e5 Nd7 17. Re1 e6 18. Bg5 Rfb8 19. Qe2 Rxb1 20. Rxb1 Qc7 21. Bf4 c4 22. h3 Rd8 23. Rb5 1-0

[Event "FICGS class A 000052 email"]
[Site "FICGS email"]
[Date "2009.06.24"]
[Round "1"]
[White "Nichols, Scott"]
[Black "Suhodolov, Dmitry"]
[Result "1-0"]
[WhiteElo "2089"]
[BlackElo "2021"]
[PlyCount "59"]
[EventDate "2009.??.??"]
[EventType "tourn (corr)"]
[EventRounds "6"]
[SourceTitle "Corr 2022"]
[Source "ChessBase"]
[SourceDate "2021.10.24"]
[SourceVersion "1"]
[SourceVersionDate "2021.10.24"]
[SourceQuality "1"]

1. e4 c5 2. Nf3 Nc6 3. Bb5 g6 4. 0-0 Bg7 5. Re1 e5 6. Bxc6 dxc6 7. d3 Qe7 8. h3 Nf6 9. Be3 Nd7 10. Nbd2 Nf8 11. a3 Ne6 12. b4 0-0 13. Qb1 b6 14. bxc5 bxc5 15. Nc4 Nd4 16. Nfd2 Ba6 17. Na5 Qc7 18. Ndc4 f5 19. exf5 gxf5 20. Qd1 e4 21. Rc1 Ne6 22. Bd2 Rad8 23. Qh5 Nf4 24. Bxf4 Qxf4 25. Ne3 Rd6 26. g3 Qh6 27. Qxh6 Rxh6 28. dxe4 Bc3 29. Nb3 Bxe1 30. Rxe1 1-0

[Event "FICGS class A 000052 email"]
[Site "FICGS email"]
[Date "2009.06.24"]
[Round "1"]
[White "Suhodolov, Dmitry"]
[Black "Boehme, Sebastian"]
[Result "1/2-1/2"]
[WhiteElo "2021"]
[BlackElo "2175"]
[PlyCount "58"]
[EventDate "2009.??.??"]
[EventType "tourn (corr)"]
[EventRounds "6"]
[SourceTitle "Corr 2022"]
[Source "ChessBase"]
[SourceDate "2021.10.24"]
[SourceVersion "1"]
[SourceVersionDate "2021.10.24"]
[SourceQuality "1"]

1. e4 c5 2. Nf3 d6 3. d4 cxd4 4. Nxd4 Nf6 5. Nc3 a6 6. Be3 e5 7. Nb3 Be6 8. f3 Be7 9. Qd2 0-0 10. 0-0-0 Nbd7 11. g4 b5 12. g5 b4 13. Ne2 Ne8 14. f4 a5 15. f5 Bxb3 16. cxb3 a4 17. bxa4 Rxa4 18. b3 Ra5 19. Kb1 d5 20. exd5 Bc5 21. Bxc5 Nxc5 22. d6 Qa8 23. d7 Nxd7 24. Ng3 Nc7 25. Bg2 Qa7 26. Qxd7 Rxa2 27. Rd2 Ra3 28. Kb2 Ra2+ 29. Kb1 Ra3 1/2-1/2

[Event "FICGS class A 000052 email"]
[Site "FICGS email"]
[Date "2009.06.24"]
[Round "1"]
[White "Suhodolov, Dmitry"]
[Black "Marin Millan, Jose Antonio"]
[Result "0-1"]
[WhiteElo "2021"]
[BlackElo "2187"]
[PlyCount "34"]
[EventDate "2009.??.??"]
[EventType "tourn (corr)"]
[EventRounds "6"]
[SourceTitle "Corr 2022"]
[Source "ChessBase"]
[SourceDate "2021.10.24"]
[SourceVersion "1"]
[SourceVersionDate "2021.10.24"]
[SourceQuality "1"]

1. d4 d5 2. c4 c6 3. Nf3 e6 4. Qc2 Nf6 5. Bg5 Nbd7 6. e3 Be7 7. Nc3 0-0 8. Rd1 h6 9. Bh4 b6 10. Bd3 Bb7 11. 0-0 Rc8 12. Bg3 dxc4 13. Bxc4 b5 14. Qb3 Qb6 15. Be2 a6 16. Ne5 c5 17. dxc5 Nxc5 0-1

[Event "FICGS class A 000052 email"]
[Site "FICGS email"]
[Date "2009.06.24"]
[Round "1"]
[White "Suhodolov, Dmitry"]
[Black "Staggat, Rolf"]
[Result "0-1"]
[WhiteElo "2021"]
[BlackElo "2040"]
[PlyCount "32"]
[EventDate "2009.??.??"]
[EventType "tourn (corr)"]
[EventRounds "6"]
[SourceTitle "Corr 2022"]
[Source "ChessBase"]
[SourceDate "2021.10.24"]
[SourceVersion "1"]
[SourceVersionDate "2021.10.24"]
[SourceQuality "1"]

1. Nf3 Nf6 2. c4 c5 3. Nc3 Nc6 4. g3 d5 5. d4 e6 6. cxd5 Nxd5 7. Bg2 Be7 8. 0-0 0-0 9. Nxd5 exd5 10. dxc5 Bxc5 11. Bg5 Qb6 12. Rc1 d4 13. Qc2 Bd6 14. Nd2 Be6 15. Ne4 Nb4 16. Qd2 Be5 0-1

[Event "FICGS class A 000051 email"]
[Site "FICGS email"]
[Date "2009.05.21"]
[Round "1"]
[White "Suhodolov, Dmitry"]
[Black "Nichols, Scott"]
[Result "1/2-1/2"]
[WhiteElo "2021"]
[BlackElo "2089"]
[PlyCount "73"]
[EventDate "2009.??.??"]
[EventType "tourn (corr)"]
[EventRounds "6"]
[SourceTitle "Corr 2022"]
[Source "ChessBase"]
[SourceDate "2021.10.24"]
[SourceVersion "1"]
[SourceVersionDate "2021.10.24"]
[SourceQuality "1"]

1. d4 Nf6 2. c4 e5 3. dxe5 Ng4 4. Bf4 Nc6 5. Nf3 Bb4+ 6. Nbd2 Qe7 7. e3 Ngxe5 8. Nxe5 Nxe5 9. Be2 0-0 10. 0-0 Ng6 11. Bg3 Bxd2 12. Qxd2 d6 13. b4 Be6 14. Rfd1 Rad8 15. Rac1 Rfe8 16. Qc2 f6 17. Bd3 Bf7 18. a3 Nf8 19. Be2 Ng6 20. Bf3 c6 21. b5 cxb5 22. cxb5 Ne5 23. Be4 h6 24. Bd5 Bxd5 25. Rxd5 Qe6 26. Rcd1 Rc8 27. Qd2 Nc4 28. Qd4 Nb6 29. Rxd6 Qf5 30. Qb4 Rc4 31. Qb3 Qc2 32. Qxc2 Rxc2 33. h3 Kf7 34. R6d2 Rxd2 35. Rxd2 Rc8 36. Rd4 Ke6 37. Re4+ 1/2-1/2

[Event "FICGS class A 000051 email"]
[Site "FICGS email"]
[Date "2009.05.21"]
[Round "1"]
[White "Suhodolov, Dmitry"]
[Black "Vasquez, Fernando Jose Pinto"]
[Result "1-0"]
[WhiteElo "2021"]
[BlackElo "1947"]
[PlyCount "39"]
[EventDate "2009.??.??"]
[EventType "tourn (corr)"]
[EventRounds "6"]
[SourceTitle "Corr 2022"]
[Source "ChessBase"]
[SourceDate "2021.10.24"]
[SourceVersion "1"]
[SourceVersionDate "2021.10.24"]
[SourceQuality "1"]

1. e4 e5 2. Nf3 Nf6 3. Nxe5 d6 4. Nf3 Nxe4 5. d4 d5 6. Bd3 Nc6 7. 0-0 Be7 8. Nc3 f5 9. Bb5 0-0 10. Bxc6 bxc6 11. Ne5 Qd6 12. f3 Nc5 13. Re1 Ne6 14. f4 Rb8 15. Na4 c5 16. dxc5 Nxc5 17. Nxc5 Qxc5+ 18. Be3 Qd6 19. Bxa7 Rxb2 20. Bd4 1-0

[Event "FICGS class A 000051 email"]
[Site "FICGS email"]
[Date "2009.05.21"]
[Round "1"]
[White "Wyngaarden, Martin"]
[Black "Suhodolov, Dmitry"]
[Result "1-0"]
[WhiteElo "2095"]
[BlackElo "2021"]
[PlyCount "49"]
[EventDate "2009.??.??"]
[EventType "tourn (corr)"]
[EventRounds "6"]
[SourceTitle "Corr 2022"]
[Source "ChessBase"]
[SourceDate "2021.10.24"]
[SourceVersion "1"]
[SourceVersionDate "2021.10.24"]
[SourceQuality "1"]

1. e4 c5 2. Nf3 d6 3. d4 cxd4 4. Nxd4 Nf6 5. Nc3 a6 6. f3 e5 7. Nb3 Be6 8. Be3 Nbd7 9. g4 Nb6 10. g5 Nh5 11. Qd2 Be7 12. 0-0-0 0-0 13. Rg1 Qc7 14. h4 Nc4 15. Bxc4 Bxc4 16. Kb1 a5 17. Nc1 b5 18. Nd5 Bxd5 19. Qxd5 Rfc8 20. Rd2 b4 21. Nd3 Qc4 22. Qxc4 Rxc4 23. b3 Rc3 24. Kb2 Rcc8 25. f4 1-0

[Event "LSS SE-2009-0-00022"]
[Site "LSS email"]
[Date "2009.05.20"]
[Round "?"]
[White "Suhodolov, Dmitry"]
[Black "Bearce, Harold L"]
[Result "1-0"]
[WhiteElo "1420"]
[BlackElo "1148"]
[PlyCount "35"]
[EventDate "2009.03.17"]
[EventType "tourn (corr)"]
[EventRounds "6"]
[EventCountry "GER"]
[SourceTitle "Corr 2011"]
[Source "ChessBase"]
[SourceDate "2010.08.31"]
[SourceVersion "1"]
[SourceVersionDate "2010.08.31"]
[SourceQuality "1"]

1. e4 e5 2. Nf3 Nc6 3. Bb5 a6 4. Ba4 Nf6 5. 0-0 Be7 6. Re1 b5 7. Bb3 0-0 8. c3 d6 9. h3 Bb7 10. d4 exd4 11. cxd4 Qd7 12. Nbd2 h5 13. e5 dxe5 14. dxe5 Nd5 15. Ne4 Rad8 16. Neg5 Rfe8 17. Nxf7 Kxf7 18. e6+ 1-0

[Event "LSS SE-2009-0-00020"]
[Site "LSS email"]
[Date "2009.05.06"]
[Round "?"]
[White "Evans, Stanley W"]
[Black "Suhodolov, Dmitry"]
[Result "1-0"]
[WhiteElo "1358"]
[BlackElo "1420"]
[PlyCount "61"]
[EventDate "2009.02.07"]
[EventType "tourn (corr)"]
[EventRounds "6"]
[EventCountry "GER"]
[SourceTitle "Corr 2011"]
[Source "ChessBase"]
[SourceDate "2010.08.31"]
[SourceVersion "1"]
[SourceVersionDate "2010.08.31"]
[SourceQuality "1"]

1. Nc3 d5 2. e4 d4 3. Nce2 c5 4. Ng3 Nc6 5. Bb5 Bd7 6. N1e2 a6 7. Bxc6 Bxc6 8. d3 g6 9. 0-0 Bg7 10. f4 Nf6 11. h3 0-0 12. f5 Nd7 13. Qe1 Ne5 14. Nf4 c4 15. Nge2 Qd6 16. Qg3 cxd3 17. cxd3 Nd7 18. fxg6 fxg6 19. Qg4 e5 20. Qe6+ Qxe6 21. Nxe6 Rxf1+ 22. Kxf1 Bb5 23. Nxg7 Kxg7 24. Kg1 Bxd3 25. Ng3 Rc8 26. Bg5 Rc2 27. b3 h6 28. Be7 Kf7 29. Bd6 Ke6 30. Ba3 Rxa2 31. Rxa2 1-0

[Event "LSS OP-2009-0-00765"]
[Site "LSS email"]
[Date "2009.02.25"]
[Round "?"]
[White "Suhodolov, Dmitry"]
[Black "Def, Persey"]
[Result "1/2-1/2"]
[WhiteElo "1282"]
[BlackElo "1869"]
[PlyCount "80"]
[EventDate "2009.02.24"]
[EventType "tourn (corr)"]
[EventRounds "4"]
[EventCountry "GER"]
[SourceTitle "Corr 2011"]
[Source "ChessBase"]
[SourceDate "2010.08.31"]
[SourceVersion "1"]
[SourceVersionDate "2010.08.31"]
[SourceQuality "1"]

1. e4 c5 2. Nf3 Nc6 3. d4 cxd4 4. Nxd4 Nf6 5. Nc3 e5 6. Ndb5 d6 7. Nd5 Nxd5 8. exd5 Nb8 9. c4 Be7 10. Bd3 a6 11. Nc3 0-0 12. 0-0 f5 13. f3 Nd7 14. Be3 Bg5 15. Bf2 Qf6 16. Qc2 Nc5 17. Bxc5 dxc5 18. Rae1 Bd7 19. Rf2 Rae8 20. Rfe2 b5 21. Nd1 Qd6 22. b3 e4 23. fxe4 Bf4 24. h3 fxe4 25. Rxe4 Rxe4 26. Rxe4 Be5 27. Kh1 Bd4 28. Ne3 Qg3 29. Nf1 Qg5 30. h4 Qh6 31. Nh2 Rf2 32. Re2 bxc4 33. bxc4 Ba4 34. Qb1 Rxe2 35. Bxe2 Qxh4 36. Qb8+ Kf7 37. Qc7+ Kf8 38. g3 Qe4+ 39. Bf3 Qe3 40. Kg2 Qd2+ 1/2-1/2

[Event "LSS SN-2009-0-00131"]
[Site "LSS email"]
[Date "2009.02.13"]
[Round "?"]
[White "Meszaros, Attila Jr"]
[Black "Suhodolov, Dmitry"]
[Result "0-1"]
[WhiteElo "499"]
[BlackElo "1145"]
[PlyCount "54"]
[EventDate "2009.01.10"]
[EventType "tourn (corr)"]
[EventRounds "6"]
[EventCountry "GER"]
[SourceTitle "Corr 2011"]
[Source "ChessBase"]
[SourceDate "2010.08.31"]
[SourceVersion "1"]
[SourceVersionDate "2010.08.31"]
[SourceQuality "1"]

1. e4 c5 2. g3 d5 3. exd5 Qxd5 4. Nf3 Bg4 5. Be2 Nc6 6. 0-0 Nf6 7. Nc3 Qd7 8. d3 e5 9. Bg5 h6 10. Bxf6 gxf6 11. Nh4 Bh3 12. Re1 0-0-0 13. Bf3 Nd4 14. Bg2 Kb8 15. Bxh3 Qxh3 16. Nf3 h5 17. Nxd4 cxd4 18. Ne4 h4 19. g4 Bh6 20. Nxf6 Bf4 21. Ne4 Bxh2+ 22. Kh1 Bf4+ 23. Kg1 Rhg8 24. Nf6 Bh2+ 25. Kh1 Bg3+ 26. Kg1 Qh2+ 27. Kf1 Qxf2# 0-1

[Event "FICGS W-ch st1 g06 email"]
[Site "FICGS email"]
[Date "2009.02.03"]
[Round "1"]
[White "Lopez, Victor"]
[Black "Suhodolov, Dmitry"]
[Result "1/2-1/2"]
[WhiteElo "1919"]
[BlackElo "1845"]
[PlyCount "76"]
[EventDate "2009.??.??"]
[EventType "tourn (corr)"]
[EventRounds "8"]
[SourceTitle "Corr 2022"]
[Source "ChessBase"]
[SourceDate "2021.10.24"]
[SourceVersion "1"]
[SourceVersionDate "2021.10.24"]
[SourceQuality "1"]

1. e4 e5 2. Bc4 Nf6 3. d4 exd4 4. Nf3 Nc6 5. e5 d5 6. Bb5 Ne4 7. Nxd4 Bc5 8. Be3 Bd7 9. Bxc6 bxc6 10. Nd2 Qh4 11. 0-0 Bb6 12. Nxe4 Qxe4 13. Re1 Qg6 14. a4 a5 15. Nf3 0-0 16. Bxb6 cxb6 17. Ra3 Qg4 18. h3 Qf4 19. Nd4 Rfe8 20. Rf3 Qh6 21. Qd3 Rad8 22. Nf5 Bxf5 23. Qxf5 Qe6 24. Qg5 h6 25. Qg3 Kh7 26. Rf4 c5 27. Rg4 g6 28. b3 f5 29. Rh4 Kg7 30. f4 c4 31. Rb1 Rc8 32. Qf2 cxb3 33. cxb3 Rc5 34. b4 axb4 35. Rxb4 Rec8 36. Kh2 R8c6 37. Rxb6 Qe7 38. Rb8 Rc2 1/2-1/2

[Event "FICGS W-ch st1 g06 email"]
[Site "FICGS email"]
[Date "2009.02.03"]
[Round "1"]
[White "Suhodolov, Dmitry"]
[Black "Baars, Jan"]
[Result "1-0"]
[WhiteElo "1845"]
[BlackElo "1555"]
[PlyCount "33"]
[EventDate "2009.??.??"]
[EventType "tourn (corr)"]
[EventRounds "8"]
[SourceTitle "Corr 2022"]
[Source "ChessBase"]
[SourceDate "2021.10.24"]
[SourceVersion "1"]
[SourceVersionDate "2021.10.24"]
[SourceQuality "1"]

1. e4 e6 2. d4 d5 3. Nc3 Nf6 4. e5 Nfd7 5. f4 c5 6. Nf3 Nc6 7. Be3 cxd4 8. Nxd4 Nxd4 9. Bxd4 Bc5 10. Qd2 Bxd4 11. Qxd4 Qb6 12. Nb5 0-0 13. Qxb6 Nxb6 14. 0-0-0 Bd7 15. Nd4 a6 16. h4 Rac8 17. b3 1-0

[Event "FICGS W-ch st1 g06 email"]
[Site "FICGS email"]
[Date "2009.02.03"]
[Round "1"]
[White "Suhodolov, Dmitry"]
[Black "Khachaturov, Vadim"]
[Result "1/2-1/2"]
[WhiteElo "1845"]
[BlackElo "2194"]
[PlyCount "45"]
[EventDate "2009.??.??"]
[EventType "tourn (corr)"]
[EventRounds "8"]
[SourceTitle "Corr 2022"]
[Source "ChessBase"]
[SourceDate "2021.10.24"]
[SourceVersion "1"]
[SourceVersionDate "2021.10.24"]
[SourceQuality "1"]

1. Nf3 Nf6 2. c4 g6 3. Nc3 Bg7 4. e4 d6 5. d4 0-0 6. Be2 e5 7. 0-0 Nc6 8. d5 Ne7 9. b4 a5 10. Ba3 b6 11. bxa5 Nh5 12. Re1 f5 13. Bb4 bxa5 14. Ba3 Nf4 15. Bf1 fxe4 16. Nd2 Nd3 17. Bxd3 exd3 18. Nde4 Ba6 19. Qxd3 Nf5 20. Bc1 Rb8 21. Nb5 a4 22. Be3 Rb7 23. Rab1 1/2-1/2

[Event "LSS OP-2009-0-00716"]
[Site "LSS email"]
[Date "2009.01.12"]
[Round "?"]
[White "Feldborg, Henrik"]
[Black "Suhodolov, Dmitry"]
[Result "0-1"]
[WhiteElo "1690"]
[BlackElo "1374"]
[PlyCount "20"]
[EventDate "2009.01.10"]
[EventType "tourn (corr)"]
[EventRounds "4"]
[EventCountry "GER"]
[SourceTitle "Corr 2013"]
[Source "ChessBase"]
[SourceDate "2012.11.12"]
[SourceVersion "1"]
[SourceVersionDate "2012.11.12"]
[SourceQuality "1"]

1. e4 c5 2. d4 cxd4 3. c3 Nf6 4. e5 Nd5 5. cxd4 d6 6. f4 Nc6 7. Nc3 dxe5 8. fxe5 Bf5 9. Qb3 Ndb4 10. Bc4 e6 0-1